000
00310nam a2200133Ia 4500
008
230818s1984 xx 000 0 und d
041
_a
eng
100
_a
Fuller
245
_a
Waiter
260
_b
Hutchinsons
_c
1984
300
_a
214p
520
_a
General | Hard Board
999
_c
854574
_d
854574
650
_a
Food and Beverage service